The Art of dried flowers

Bibliographic Details
Main Author: Wood, Rob
Format: Book
Published: 127p. : Friedman Group Book , 1991
Subjects:

MARC

LEADER 00000cam a2200000 7i4500
001 0000004270
002 000004589
005 20020412.0
020 |a 1854221280 
090 0 0 |a 745.92   |b WOO 
100 1 |a Wood, Rob 
245 1 4 |a The Art of dried flowers   |c Rob and Lucy Wood 
260 |a 127p. :   |b Friedman Group Book ,   |c 1991 
650 0 0 |a Dried flower arrangement 
999 |a 030273   |b BUKU   |c PINJAMAN   |e PERPUSTAKAAN KOMUNITI PETALING JAYA